Palabras pronunciadas con motivo de la imposición de la Gran Cruz de Alfonso X el Sabio al dr. Silvio Zavala, el día 12 de abril de 1984 / (Record no. 182365)

MARC details
000 -LEADER
campo de control de longitud fija 00681nam a2200169 i 4500
001 - NÚMERO DE CONTROL
campo de control 182365
003 - IDENTIFICADOR DE NÚMERO DE CONTROL
campo de control ES-MaACL
005 - FECHA Y HORA DE LA ÚLTIMA TRANSACCIÓN
campo de control 20250801063048.0
008 - DATOS DE LONGITUD FIJA--INFORMACIÓN GENERAL
campo de control de longitud fija 130806s1984 mx |||| | spa d
100 1# - ENTRADA PRINCIPAL--NOMBRE DE PERSONA
Nombre de persona Zavala, Silvio,
Fechas asociadas al nombre 1909-2014
9 (RLIN) 118108
245 10 - MENCIÓN DEL TÍTULO
Título Palabras pronunciadas con motivo de la imposición de la Gran Cruz de Alfonso X el Sabio al dr. Silvio Zavala, el día 12 de abril de 1984 /
Mención de responsabilidad, etc. contestación de Silvio Zavala...
260 ## - PUBLICACIÓN, DISTRIBUCIÓN, ETC.
Lugar de publicación, distribución, etc. México :
Nombre del editor, distribuidor, etc. Colegio Nacional,
Fecha de publicación, distribución, etc. 1984.
300 ## - DESCRIPCIÓN FÍSICA
Extensión P. [247]-252 ;
Dimensiones 22 cm.
595 ## -
-- Separata de: Memoria de El Colegio Nacional, Tomo X, nº 3, año 1984.
852 ## - LOCALIZACIÓN
Ubicación ES-MaACL
Número de control de estantería 2319-F-29
Holdings
Estatus retirado Estado de pérdida Estado de daño No para préstamo Colección Biblioteca de origen Biblioteca actual Ubicación en estantería Fecha de adquisición Fuente de adquisición Total de préstamos Signatura topográfica completa Código de barras Visto por última vez Precio de reemplazo Tipo de ítem Koha
        Colección de folletos Biblioteca del Ateneo de Madrid Biblioteca del Ateneo de Madrid Depósito folletos 06/08/2013     2319-F-29 1191643 23/02/2023 23/02/2023 Folleto